| 000 | 01296cam a2200313 a 4500 | ||
|---|---|---|---|
| 999 |
_c103 _d103 |
||
| 001 | 15002876 | ||
| 003 | Nust | ||
| 005 | 20170105095819.0 | ||
| 008 | 070911s2007 nyua b 001 0 eng | ||
| 010 | _a 2007037602 | ||
| 020 | _a9780072263053 (pbk.) | ||
| 020 | _a0072263059 (pbk.) | ||
| 040 |
_aDLC _cDLC _dDLC |
||
| 050 | 0 | 0 |
_aQA76.9.D3 _bN443 2007 |
| 082 | 0 | 0 |
_a005.75/85 _222 |
| 100 | 1 | _aNiemiec, Richard J. | |
| 245 | 1 | 0 |
_aOracle Database 10g performance tuning : _btips & techniques / _cRichard J. Niemiec. |
| 260 |
_aNew York : _bMcGraw-Hill, _cc2007. |
||
| 300 |
_axxxvi, 967 p. : _bill. ; _c24 cm. |
||
| 504 | _aIncludes bibliographical references and index. | ||
| 630 | 0 | 0 | _aOracle (Computer file) |
| 650 | 0 | _aRelational databases. | |
| 856 | 4 | 2 |
_3Contributor biographical information _uhttp://www.loc.gov/catdir/enhancements/fy0834/2007037602-b.html |
| 856 | 4 | 2 |
_3Publisher description _uhttp://www.loc.gov/catdir/enhancements/fy0834/2007037602-d.html |
| 856 | 4 | 1 |
_3Table of contents only _uhttp://www.loc.gov/catdir/enhancements/fy0834/2007037602-t.html |
| 906 |
_a7 _bcbc _corignew _d1 _eecip _f20 _gy-gencatlg |
||
| 942 |
_2ddc _cBK |
||